| 000 | 00492nam a2200193Ia 4500 | ||
|---|---|---|---|
| 001 | 21633 | ||
| 003 | GE_BSU | ||
| 008 | 181216s||||||||xx |||||||||||||| ||und|| | ||
| 040 | _cGE_BSU | ||
| 080 | _aპერიოდიკა | ||
| 245 | _aLe Point №2359. 23 novembre 2017. | ||
| 260 | _aParis | ||
| 260 | _c2017 | ||
| 300 | _a98 p. 26cm. ill. | ||
| 653 | _aLe Point №2359. 23 novembre 2017. | ||
| 653 | _aПериодика | ||
| 653 | _aპერიოდიკა | ||
| 942 | _cCR | ||
| 999 |
_c54568 _d54568 |
||